000 00879nas a2200253Ia 4500
001 R109/G8422
003 IT-RoPAU
008 151124c99999999xx |||||||||||| ||und||
040 _aIT-RoPAU
040 _cIT-RoPAU
041 _aFRANCESE
100 _aChevrier Jean-Francois
_gCodice Aut. SPICS: 12709
210 _aCOMMUNICATIONS
222 _aCommunications
245 _aCOMMUNICATIONS, N.71 (2001)
_bWalker Evans, American Photographs Et la Question Du Sujet
250 _a1a ed.
260 _aPARIS
_bSEUIL
_c2001
501 _bPaulus - SPICS - Società San Paolo EM (non-commercial uses only)
_cCopyright2015
300 _a41 p. [63-103]
362 _aN.71 (2001)
500 _aRiflessioni a Proposito del Volume di Walker Evans "American Photographs" Uscito nel 1938. Problema del Soggetto.
650 _aCOMUNICAZIONE
_vPUBBLICAZIONE PERIODICA
942 _cCR
999 _c203517
_d203517